Taraqi pazeer mumalik mein ghair sarkari tanzimon ka intazaam or insuraam (vol-3) : (Record no. 35472)
[ view plain ]
| 000 -LEADER | |
|---|---|
| fixed length control field | 00642nam a22001697a 4500 |
| 005 - DATE AND TIME OF LATEST TRANSACTION | |
| control field | 20240326123827.0 |
| 008 - FIXED-LENGTH DATA ELEMENTS--GENERAL INFORMATION | |
| fixed length control field | 240326b |||||||| |||| 00| 0 eng d |
| 020 ## - INTERNATIONAL STANDARD BOOK NUMBER | |
| ISBN | 9780195476798 |
| 082 ## - DEWEY DECIMAL CLASSIFICATION NUMBER | |
| Classification number | 338.91 |
| 245 ## - TITLE STATEMENT | |
| Title | Taraqi pazeer mumalik mein ghair sarkari tanzimon ka intazaam or insuraam (vol-3) : |
| Remainder of title | behtar sehat e aama / |
| Statement of responsibility, etc. | LUMS-McGill social enterprise development center ; [Editor] Syed Mubashir Ali , Mohammad Amjad Saqib |
| 260 ## - PUBLICATION, DISTRIBUTION, ETC. | |
| Place of Publication | Pakistan : |
| Name of publisher, distributor, etc. | Oxford University Press , |
| Date of publication, distribution, etc. | c2012 . |
| 300 ## - PHYSICAL DESCRIPTION | |
| Pages | vii, 254 p. : |
| 490 ## - SERIES STATEMENT | |
| Volume | vol-3. |
| 500 ## - GENERAL NOTE | |
| General note | Gifted by LUMS University. |
| 650 ## - SUBJECT ADDED ENTRY--TOPICAL TERM | |
| Subject / Department | Social Sciences |
| 300 ## - PHYSICAL DESCRIPTION | |
| -- | ill ; |
| -- | 24 cm. |
| 952 ## - LOCATION AND ITEM INFORMATION (KOHA) | |
| -- | 0 |
| -- | 0 |
| Lost status | Damaged status | Collection code | Permanent Location | Current Location | Shelving Location | Date acquired | Full Call Number | Accession No./Barcode | Date last seen | item type | Koha item type |
|---|---|---|---|---|---|---|---|---|---|---|---|
| Science | Superior Information Resource Center (SIRC) Superior University- Main Campus | Superior Information Resource Center (SIRC) Superior University- Main Campus | Social Sciences | 03/26/2024 | 338.91 NGOs 2012 | 29167 | 03/26/2024 | BOOK | BOOK |
